|
|
|
|
| LEADER |
02187nam a22004215i 4500 |
| 001 |
978-88-470-1860-0 |
| 003 |
DE-He213 |
| 005 |
20150520194213.0 |
| 007 |
cr nn 008mamaa |
| 008 |
110707s2011 it | s |||| 0|ita d |
| 020 |
|
|
|a 9788847018600
|9 978-88-470-1860-0
|
| 024 |
7 |
|
|a 10.1007/978-88-470-1860-0
|2 doi
|
| 040 |
|
|
|d GrThAP
|
| 050 |
|
4 |
|a RC681-688.2
|
| 072 |
|
7 |
|a MJD
|2 bicssc
|
| 072 |
|
7 |
|a MED010000
|2 bisacsh
|
| 082 |
0 |
4 |
|a 616.12
|2 23
|
| 100 |
1 |
|
|a Ribes, Ramón.
|e author.
|
| 245 |
1 |
0 |
|a Inglese per cardiologi
|h [electronic resource] /
|c by Ramón Ribes, Sergio MejÍa ; edited by Eugenio Picano.
|
| 264 |
|
1 |
|a Milano :
|b Springer Milan :
|b Imprint: Springer,
|c 2011.
|
| 300 |
|
|
|a XV, 350pagg. 20 figg.
|b online resource.
|
| 336 |
|
|
|a text
|b txt
|2 rdacontent
|
| 337 |
|
|
|a computer
|b c
|2 rdamedia
|
| 338 |
|
|
|a online resource
|b cr
|2 rdacarrier
|
| 347 |
|
|
|a text file
|b PDF
|2 rda
|
| 520 |
|
|
|a In una statistica comparsa qualche anno fa su un autorevole giornale di cardiologia sperimentale, il numero di errori di ortografia e sintassi nei manoscritti sottomessi per pubblicazione veniva messo a confronto per i vari paesi. Chi c’era in testa alla classifica per frequenza di errori (e in coda alla classifica della frequenza di accettazione)? C’eravamo noi, i cardiologi italiani. Modestia a parte, ci riconoscono ovunque per il nostro marchio di fabbrica lessicale, lo “spaghetti-English”. Un buon inglese non aiuta forse a farsi accettare il lavoro, ma un cattivo inglese di certo aiuta a farselo rifiutare. Il libro serve a cancellare qualche macchia di pomodoro nel nostro spaghetti-Cardio-English, e già questo sarà un ottimo risultato per il lettore." Dalla Prefazione di Eugenio Picano.
|
| 650 |
|
0 |
|a Medicine.
|
| 650 |
|
0 |
|a Cardiology.
|
| 650 |
1 |
4 |
|a Medicine & Public Health.
|
| 650 |
2 |
4 |
|a Cardiology.
|
| 700 |
1 |
|
|a MejÍa, Sergio.
|e author.
|
| 700 |
1 |
|
|a Picano, Eugenio.
|e editor.
|
| 710 |
2 |
|
|a SpringerLink (Online service)
|
| 773 |
0 |
|
|t Springer eBooks
|
| 776 |
0 |
8 |
|i Printed edition:
|z 9788847018594
|
| 856 |
4 |
0 |
|u http://dx.doi.org/10.1007/978-88-470-1860-0
|z Full Text via HEAL-Link
|
| 912 |
|
|
|a ZDB-2-SME
|
| 950 |
|
|
|a Medicine (Springer-11650)
|